[Event "Dallas CC GM inv."]
[Site "Richardson USA"]
[Date "2022.04.16"]
[Round "5.3"]
[White "Woodward, Andy"]
[Black "Preotu, Razvan"]
[Result "1/2-1/2"]
[WhiteElo "2330"]
[BlackElo "2462"]
[WhiteFideId "-1"]
[WhiteFideId "-1"]
[PlyCount "46"]
[GameId "2130307576690062"]
[EventDate "2022.04.14"]
[EventType "swiss"]
[EventRounds "9"]
[EventCountry "USA"]
[SourceTitle "10 Days #685"]
[Source "ChessMix"]
[SourceDate "2022.05.01"]
[SourceVersion "1"]
[SourceVersionDate "2022.05.01"]
[SourceQuality "1"]
[WhiteTeam "SEEKER-1"]
[BlackTeam "GM"]

1. d4 Nf6 2. c4 g6 3. g3 c6 4. Bg2 d5 5. cxd5 cxd5 6. Nf3 Bg7 7. O-O O-O 8. Nc3 Ne4 9. Ne5 Bf5 10. Bf4 Nxc3 11. bxc3 Nc6 12. Nxc6 bxc6 13. Qa4 e6 14. Qxc6 Rc8 15. Qa4 Rxc3 16. Qxa7 Qa8 17. Qxa8 Rxa8 18. e3 Rca3 19. Rfc1 h6 20. h4 Rxa2 21. Rxa2 Rxa2 22. Rc8+ Kh7 23. Rc7 Kg8 1/2-1/2

[Event "Dallas CC GM inv."]
[Site "Richardson USA"]
[Date "2022.04.17"]
[Round "6.3"]
[White "Preotu, Razvan"]
[Black "Xie, Bryan"]
[Result "0-1"]
[WhiteElo "2462"]
[BlackElo "2119"]
[WhiteFideId "-1"]
[WhiteFideId "-1"]
[PlyCount "86"]
[GameId "2130307576690068"]
[EventDate "2022.04.14"]
[EventType "swiss"]
[EventRounds "9"]
[EventCountry "USA"]
[SourceTitle "10 Days #685"]
[Source "ChessMix"]
[SourceDate "2022.05.01"]
[SourceVersion "1"]
[SourceVersionDate "2022.05.01"]
[SourceQuality "1"]
[WhiteTeam "GM"]
[BlackTeam "SEEKER-2"]

1. e4 c5 2. Nf3 e6 3. d4 cxd4 4. Nxd4 Nc6 5. Nc3 Qc7 6. Be3 Nf6 7. f4 d6 8. Qf3 a6 9. O-O-O Nxd4 10. Bxd4 Be7 11. e5 dxe5 12. fxe5 Nd7 13. Ne4 O-O 14. Nf6+ Bxf6 15. exf6 g6 16. Be2 Rb8 17. Qe3 Kh8 18. h4 Rg8 19. Qg5 e5 20. Bc3 b5 21. h5 b4 22. hxg6 Rxg6 23. Rxh7+ Kxh7 24. Bd3 e4 25. Bxe4 Qh2 26. Qd5 Kg8 27. Bxg6 Qh6+ 28. Kb1 Qxg6 29. Bd4 Nf8 30. Qd6 Bf5 31. Qxb8 Bxc2+ 32. Ka1 Bxd1 33. Bc5 Qh6 34. Kb1 Bg4 35. Kc2 Qg6+ 36. Kb3 Bd1+ 37. Kxb4 Qe4+ 38. Kc3 Qc2+ 39. Kd4 Qf2+ 40. Kc4 Be2+ 41. Kd5 Qf5+ 42. Qe5 Bc4+ 43. Kd6 Qd7# 0-1

[Event "Dallas CC GM inv."]
[Site "Richardson USA"]
[Date "2022.04.17"]
[Round "7.2"]
[White "Chen, Ryo"]
[Black "Preotu, Razvan"]
[Result "1/2-1/2"]
[WhiteElo "2242"]
[BlackElo "2462"]
[WhiteFideId "-1"]
[WhiteFideId "-1"]
[PlyCount "83"]
[GameId "2130307576690073"]
[EventDate "2022.04.14"]
[EventType "swiss"]
[EventRounds "9"]
[EventCountry "USA"]
[SourceTitle "10 Days #685"]
[Source "ChessMix"]
[SourceDate "2022.05.01"]
[SourceVersion "1"]
[SourceVersionDate "2022.05.01"]
[SourceQuality "1"]
[WhiteTeam "SEEKER-2"]
[BlackTeam "GM"]

1. e4 c5 2. Nf3 d6 3. d4 cxd4 4. Nxd4 Nf6 5. Nc3 a6 6. Be2 e5 7. Nb3 Be7 8. Bg5 Be6 9. Bxf6 Bxf6 10. Qd3 Be7 11. Nd5 Nd7 12. Nxe7 Kxe7 13. O-O Qb6 14. Nd2 Rhc8 15. b3 a5 16. c4 a4 17. Qc3 Nb8 18. Qg3 Kf8 19. Bg4 Bxg4 20. Qxg4 Nc6 21. Nf3 h6 22. Nh4 Nd4 23. Nf5 Nxf5 24. Qxf5 axb3 25. axb3 Qxb3 26. Qd7 Qb6 27. Qf5 Kg8 28. Ra3 g6 29. Rg3 Qc7 30. Qf6 Re8 31. h4 h5 32. f4 Qe7 33. Qxe7 Rxe7 34. f5 Kh7 35. fxg6+ fxg6 36. Rf6 Rg7 37. Rxd6 Ra4 38. Rg5 Rxc4 39. Rxe5 b5 40. Rb6 b4 41. Reb5 Rxe4 42. Rxb4 1/2-1/2

[Event "Dallas CC GM inv."]
[Site "Richardson USA"]
[Date "2022.04.18"]
[Round "8.1"]
[White "Preotu, Razvan"]
[Black "Milovanovic, Rade"]
[Result "1-0"]
[WhiteElo "2462"]
[BlackElo "2366"]
[WhiteFideId "-1"]
[WhiteFideId "-1"]
[PlyCount "70"]
[GameId "2130307576690078"]
[EventDate "2022.04.14"]
[EventType "swiss"]
[EventRounds "9"]
[EventCountry "USA"]
[SourceTitle "10 Days #685"]
[Source "ChessMix"]
[SourceDate "2022.05.01"]
[SourceVersion "1"]
[SourceVersionDate "2022.05.01"]
[SourceQuality "1"]
[WhiteTeam "GM"]
[BlackTeam "SEEKER-1"]

1. e4 c5 2. Nf3 e6 3. d4 cxd4 4. Nxd4 Nf6 5. Nc3 d6 6. g4 h6 7. Rg1 Nc6 8. Be3 a6 9. h4 h5 10. gxh5 Nxh5 11. Be2 g6 12. Qd2 Bd7 13. O-O-O Qc7 14. Bg5 Qb6 15. Nf3 Qa5 16. Kb1 Rc8 17. Nh2 Ne5 18. f4 Nc4 19. Bxc4 Rxc4 20. Ng4 Rxc3 21. bxc3 Qb6+ 22. Ka1 Bg7 23. e5 O-O 24. Qxd6 Bc6 25. Nf6+ Bxf6 26. exf6 Qe3 27. Qd4 Qe2 28. Rd2 Qf3 29. Qd3 Rc8 30. Kb2 Be4 31. Qxf3 Bxf3 32. Rd3 Bd5 33. a4 Rc4 34. Rd4 Kf8 35. Rxc4 Bxc4 1-0

[Event "Dallas CC GM inv."]
[Site "Richardson USA"]
[Date "2022.04.18"]
[Round "9.3"]
[White "Oberoi, Shelev"]
[Black "Preotu, Razvan"]
[Result "0-1"]
[WhiteElo "2198"]
[BlackElo "2462"]
[WhiteFideId "-1"]
[WhiteFideId "-1"]
[PlyCount "120"]
[GameId "2130307576690086"]
[EventDate "2022.04.14"]
[EventType "swiss"]
[EventRounds "9"]
[EventCountry "USA"]
[SourceTitle "10 Days #685"]
[Source "ChessMix"]
[SourceDate "2022.05.01"]
[SourceVersion "1"]
[SourceVersionDate "2022.05.01"]
[SourceQuality "1"]
[WhiteTeam "SEEKER-3"]
[BlackTeam "GM"]

1. e4 c5 2. c3 Nf6 3. e5 Nd5 4. Nf3 d6 5. d4 cxd4 6. exd6 e6 7. Nxd4 Bxd6 8. g3 Nc6 9. Bg2 Nxd4 10. Qxd4 O-O 11. O-O Qc7 12. c4 Nf6 13. Nc3 Bd7 14. Rd1 Be5 15. Bf4 Bxf4 16. Qxf4 Qxf4 17. gxf4 Rac8 18. Rd4 Bc6 19. Rad1 g6 20. b3 a6 21. Rd6 Bxg2 22. Kxg2 Rc5 23. Rb6 Rb8 24. Rd4 Kf8 25. b4 Rc6 26. Rxc6 bxc6 27. a3 Ke7 28. Na4 a5 29. bxa5 Ra8 30. Nb6 Rxa5 31. a4 Ra6 32. Nc8+ Ke8 33. Nd6+ Kf8 34. c5 Nd5 35. Nc8 Ke8 36. Kf3 Kd7 37. Nd6 f6 38. Nc4 Kc7 39. a5 Ra8 40. Re4 Re8 41. Re1 Nb4 42. Nd6 Rb8 43. Nc4 Rb5 44. Rb1 Na6 45. Rxb5 cxb5 46. Nd6 Kc6 47. Ne4 f5 48. Ng5 Kxc5 49. Nxh7 b4 50. Ke2 Kc4 51. Kd2 b3 52. Ng5 Nb4 53. Kc1 Kc3 54. Nf3 b2+ 55. Kb1 Nc2 56. Nd2 Na3+ 57. Ka2 Kxd2 58. Kxb2 Nc4+ 59. Kb3 Nxa5+ 60. Kb4 Ke2 0-1

[Event "USA-chT College final"]
[Site "Dulles"]
[Date "2022.04.02"]
[Round "1.2"]
[White "Preotu, Razvan"]
[Black "Ali Marandi, Cemil Can"]
[Result "0-1"]
[WhiteElo "2462"]
[BlackElo "2523"]
[WhiteFideId "-1"]
[WhiteFideId "-1"]
[PlyCount "74"]
[GameId "1768405753802752"]
[EventDate "2022.04.02"]
[EventType "team-tourn"]
[EventRounds "3"]
[EventCountry "USA"]
[SourceTitle "CBM 207 Extra"]
[Source "ChessBase"]
[SourceDate "2022.05.31"]
[SourceVersion "1"]
[SourceVersionDate "2022.05.31"]
[SourceQuality "1"]
[WhiteTeam "Dallas Texas Univ"]
[BlackTeam "St Louis Univ"]
[WhiteTeamCountry "USA"]
[BlackTeamCountry "USA"]

1. e4 e5 2. Nf3 Nc6 3. Bc4 Nf6 4. d3 Bc5 5. c3 a6 6. O-O d6 7. a4 Ba7 8. Re1 h6 9. Nbd2 O-O 10. h3 Ne7 11. Bb3 Ng6 12. d4 Re8 13. a5 c6 14. Bc2 Nh5 15. Nxe5 Rxe5 16. dxe5 Qh4 17. Re3 Bxe3 18. fxe3 Bxh3 19. Nf3 Qg3 20. Qf1 Nxe5 21. Nxe5 dxe5 22. Qf3 Bg4 23. Qxg3 Nxg3 24. Kf2 Nh5 25. b3 Rd8 26. Ke1 Rd6 27. c4 Nf6 28. Ba3 Re6 29. Kf2 Bh5 30. Bc5 Bg6 31. Kf3 Nxe4 32. Bxe4 Rf6+ 33. Ke2 Bxe4 34. g3 h5 35. Bb4 Bf3+ 36. Ke1 Bg4 37. Bc3 Rf3 0-1

[Event "Southwest Class-ch 13th"]
[Site "Fort Worth"]
[Date "2022.02.19"]
[Round "5"]
[White "Ngo, Bach"]
[Black "Preotu, Razvan"]
[Result "0-1"]
[WhiteElo "2306"]
[BlackElo "2468"]
[WhiteFideId "-1"]
[WhiteFideId "-1"]
[PlyCount "72"]
[GameId "1821104623771648"]
[EventDate "2022.02.14"]
[EventType "swiss"]
[EventRounds "9"]
[EventCountry "USA"]
[SourceTitle "CBM 210 Extra"]
[Source "ChessBase"]
[SourceDate "2022.11.30"]
[SourceVersion "1"]
[SourceVersionDate "2022.11.30"]
[SourceQuality "1"]

1. d4 Nf6 2. Nf3 g6 3. Nc3 d5 4. Bf4 Bg7 5. Nb5 Na6 6. e3 O-O 7. h3 Ne4 8. Nd2 Nxd2 9. Qxd2 c6 10. Nc3 Nc7 11. h4 Ne6 12. Be5 Bxe5 13. dxe5 Qc7 14. f4 Rd8 15. Bd3 d4 16. exd4 Rxd4 17. Ne2 Rd8 18. Qe3 Qb6 19. Qxb6 axb6 20. Kf2 Nc5 21. Ke3 Bg4 22. Nc3 f6 23. Bc4+ Kg7 24. Rhe1 fxe5 25. fxe5 b5 26. Bb3 b4 27. Ne2 Ra5 28. Ng3 h5 29. Bc4 Na4 30. Bb3 Nxb2 31. Kf2 c5 32. Rab1 Nd1+ 33. Kg1 Nc3 34. Rf1 Nxb1 35. Rf7+ Kh8 36. Ne4 Nd2 0-1

[Event "4NCL Congress"]
[Site "Harrogate ENG"]
[Date "2022.12.18"]
[Round "1.13"]
[White "Preotu, Razvan"]
[Black "Johnson, Donald"]
[Result "0-1"]
[WhiteElo "2493"]
[BlackElo "2232"]
[WhiteFideId "-1"]
[WhiteFideId "-1"]
[PlyCount "140"]
[GameId "2130307579315576"]
[EventDate "2022.01.21"]
[EventType "swiss"]
[EventRounds "5"]
[EventCountry "ENG"]
[SourceTitle "10 Days #709"]
[Source "ChessMix"]
[SourceDate "2023.01.01"]
[SourceVersion "1"]
[SourceVersionDate "2023.01.01"]
[SourceQuality "1"]

1. e4 c5 2. Nf3 d6 3. d4 cxd4 4. Nxd4 Nf6 5. Nc3 a6 6. Be3 e5 7. Nb3 Be6 8. f3 Be7 9. Qd2 Nbd7 10. g4 b5 11. g5 Nh5 12. O-O-O O-O 13. Kb1 Nb6 14. Na5 Qc7 15. Nd5 Nxd5 16. exd5 Bf5 17. Nc6 f6 18. gxf6 Bxf6 19. Bd3 Bxd3 20. Qxd3 g6 21. Bc1 Bg7 22. Rhe1 Rf7 23. a4 bxa4 24. Re4 Raf8 25. Rxa4 Rxf3 26. Qxa6 Kh8 27. Qa7 Qc8 28. Qe7 Rf1 29. Rxf1 Rxf1 30. Qxd6 Bh6 31. Qxe5+ Ng7 32. Rb4 Bxc1 33. Rb8 Bf4+ 34. Ka2 Qxb8 35. Qxb8+ Bxb8 36. Nxb8 Nf5 37. c4 Ne3 38. b3 Rd1 39. Ka3 Nxd5 40. cxd5 Rxd5 41. b4 Kg7 42. Ka4 Kf7 43. b5 Ke7 44. b6 Kd6 45. Na6 Rd1 46. Kb5 Rb1+ 47. Nb4 Kd7 48. Kc5 Rc1+ 49. Kd5 Kc8 50. Na6 Kb7 51. Nc5+ Kxb6 52. Nd7+ Kc7 53. Nf8 h6 54. Nxg6 Rh1 55. h4 Kd7 56. Ke5 Rf1 57. Nf4 Ke7 58. Kf5 Kf7 59. Kg4 Kg7 60. Nh5+ Kh7 61. Ng3 Ra1 62. Ne4 Ra5 63. h5 Kg7 64. Ng3 Kf6 65. Ne4+ Ke6 66. Ng3 Ra4+ 67. Kf3 Kf6 68. Ne4+ Kf5 69. Nd6+ Kg5 70. Nf7+ Kxh5 0-1

[Event "4NCL Congress"]
[Site "Harrogate ENG"]
[Date "2022.12.19"]
[Round "2.25"]
[White "Yim, Sung Ho"]
[Black "Preotu, Razvan"]
[Result "0-1"]
[WhiteElo "2243"]
[BlackElo "2493"]
[WhiteFideId "-1"]
[WhiteFideId "-1"]
[PlyCount "186"]
[GameId "2130307579315625"]
[EventDate "2022.01.21"]
[EventType "swiss"]
[EventRounds "5"]
[EventCountry "ENG"]
[SourceTitle "10 Days #709"]
[Source "ChessMix"]
[SourceDate "2023.01.01"]
[SourceVersion "1"]
[SourceVersionDate "2023.01.01"]
[SourceQuality "1"]

1. d4 Nf6 2. c4 g6 3. Nc3 d5 4. Nf3 Bg7 5. Qb3 dxc4 6. Qxc4 O-O 7. e4 a6 8. Be2 b5 9. Qb3 c5 10. dxc5 Be6 11. Qc2 Nbd7 12. Be3 Rc8 13. Rd1 b4 14. Nd5 Bxd5 15. exd5 Nxc5 16. O-O Nce4 17. Qd3 Qd6 18. g3 Rfd8 19. Bf4 Qc5 20. Qxa6 Nxd5 21. Rc1 Bc3 22. bxc3 Nxf4 23. gxf4 Nxc3 24. Ne5 Rd6 25. Qc4 Rd5 26. Rfe1 Rxe5 27. fxe5 Qxc4 28. Bxc4 Rxc4 29. Rc2 e6 30. f3 Rd4 31. a3 Nd5 32. axb4 Rxb4 33. Re4 Rb3 34. Kf2 Kg7 35. Rd2 h6 36. Red4 Rb5 37. Re4 g5 38. h4 Kg6 39. hxg5 hxg5 40. Ra4 Nf4 41. Re4 Kg7 42. Rxf4 gxf4 43. Rd4 Rxe5 44. Rxf4 Ra5 45. Rb4 Kf6 46. Rf4+ Ke7 47. Rb4 Kd6 48. Rd4+ Ke5 49. Re4+ Kf5 50. Kg3 e5 51. Rb4 Ra3 52. Rc4 f6 53. Rb4 Kg6 54. Re4 Kf7 55. Kf2 Ke6 56. Re2 f5 57. Rd2 Kf6 58. Re2 Rd3 59. Kg2 Ke6 60. Kf2 f4 61. Ra2 Rc3 62. Rd2 Rc7 63. Kg2 Rd7 64. Ra2 Kd5 65. Rd2+ Kc6 66. Rc2+ Kd5 67. Rd2+ Ke6 68. Ra2 Kf5 69. Re2 Rd3 70. Kf2 Ra3 71. Kg2 Ra5 72. Kf2 Kg5 73. Kg2 Kh4 74. Kf2 Kh3 75. Rc2 Kh2 76. Re2 Ra7 77. Rxe5 Ra2+ 78. Kf1 Kg3 79. Rb5 Ra3 80. Rb2 Ra1+ 81. Ke2 Kg2 82. Rc2 Rf1 83. Rc5 Rxf3 84. Rf5 Re3+ 85. Kd2 Kg3 86. Rf7 Re8 87. Rf6 f3 88. Rf7 f2 89. Rg7+ Kf3 90. Rf7+ Kg2 91. Rg7+ Kf1 92. Rf7 Rd8+ 93. Ke3 Ke1 0-1

[Event "4NCL Congress"]
[Site "Harrogate ENG"]
[Date "2022.12.19"]
[Round "3.15"]
[White "Preotu, Razvan"]
[Black "Plotkin, Victor"]
[Result "1-0"]
[WhiteElo "2493"]
[BlackElo "2249"]
[WhiteFideId "-1"]
[WhiteFideId "-1"]
[PlyCount "111"]
[GameId "2130307579315651"]
[EventDate "2022.01.21"]
[EventType "swiss"]
[EventRounds "5"]
[EventCountry "ENG"]
[SourceTitle "10 Days #709"]
[Source "ChessMix"]
[SourceDate "2023.01.01"]
[SourceVersion "1"]
[SourceVersionDate "2023.01.01"]
[SourceQuality "1"]

1. e4 e5 2. Nf3 Nf6 3. Nxe5 d6 4. Nf3 Nxe4 5. d4 d5 6. Bd3 Be7 7. O-O O-O 8. c4 Nc6 9. cxd5 Qxd5 10. Nc3 Nxc3 11. bxc3 Bg4 12. Re1 Bxf3 13. Qxf3 Qxf3 14. gxf3 Rfe8 15. Rb1 Bd6 16. Be3 Na5 17. c4 Rad8 18. c5 Bxc5 19. dxc5 Rxd3 20. Bd2 Rxe1+ 21. Rxe1 f6 22. Bxa5 b6 23. Bb4 a5 24. cxb6 cxb6 25. Re8+ Kf7 26. Re7+ Kg6 27. Be1 Rxf3 28. Re3 Rf4 29. Rb3 Ra4 30. a3 Kf7 31. Bc3 b5 32. Rxb5 Rxa3 33. Bxa5 g5 34. Bb4 Ra6 35. Bc5 Rc6 36. Be3 Kg6 37. Rb6 Rc4 38. Rd6 Rg4+ 39. Kf1 Rh4 40. Kg2 Re4 41. Kf3 Rh4 42. Kg3 Re4 43. Bd4 Rf4 44. h4 Rxh4 45. Rxf6+ Kh5 46. Bc5 Rg4+ 47. Kh2 Rh4+ 48. Kg2 Rg4+ 49. Kf1 Rc4 50. Bf8 Rc8 51. Rh6+ Kg4 52. Be7 Rc7 53. Rxh7 Kf5 54. Rg7 Rc1+ 55. Kg2 g4 56. Bh4 1-0

[Event "4NCL Congress"]
[Site "Harrogate ENG"]
[Date "2022.12.20"]
[Round "4.9"]
[White "Abrahamyan, Tatev"]
[Black "Preotu, Razvan"]
[Result "1/2-1/2"]
[WhiteElo "2312"]
[BlackElo "2493"]
[WhiteFideId "-1"]
[WhiteFideId "-1"]
[PlyCount "36"]
[GameId "2130307579319779"]
[EventDate "2022.01.21"]
[EventType "swiss"]
[EventRounds "5"]
[EventCountry "ENG"]
[SourceTitle "10 Days #709"]
[Source "ChessMix"]
[SourceDate "2023.01.01"]
[SourceVersion "1"]
[SourceVersionDate "2023.01.01"]
[SourceQuality "1"]

1. e4 e6 2. d4 d5 3. exd5 exd5 4. Nf3 Nf6 5. Bd3 Bd6 6. O-O O-O 7. c3 Bg4 8. Bg5 h6 9. Bh4 c5 10. dxc5 Bxc5 11. Nbd2 Nc6 12. Qb3 g5 13. Qxb7 Na5 14. Qb5 Be7 15. Bg3 Bd7 16. Qa6 Bc8 17. Qb5 Bd7 18. Qa6 Bc8 1/2-1/2

[Event "4NCL Congress"]
[Site "Harrogate ENG"]
[Date "2022.12.20"]
[Round "5.11"]
[White "Preotu, Razvan"]
[Black "Kavutskiy, Konstantin"]
[Result "1/2-1/2"]
[WhiteElo "2493"]
[BlackElo "2387"]
[WhiteFideId "-1"]
[WhiteFideId "-1"]
[PlyCount "133"]
[GameId "2130307579319818"]
[EventDate "2022.01.21"]
[EventType "swiss"]
[EventRounds "5"]
[EventCountry "ENG"]
[SourceTitle "10 Days #709"]
[Source "ChessMix"]
[SourceDate "2023.01.01"]
[SourceVersion "1"]
[SourceVersionDate "2023.01.01"]
[SourceQuality "1"]

1. d4 Nf6 2. c4 g6 3. Nc3 Bg7 4. e4 d6 5. h3 Nbd7 6. Be3 e5 7. Nf3 exd4 8. Bxd4 O-O 9. Bd3 Re8 10. O-O Ne5 11. Nxe5 dxe5 12. Be3 Nh5 13. Ne2 Be6 14. Qd2 Qe7 15. g4 Nf6 16. Ng3 Rad8 17. Qc3 h5 18. f3 hxg4 19. fxg4 Nh7 20. Kg2 c5 21. Qc2 Bf6 22. Ne2 Bg5 23. Bg1 Qd7 24. Rad1 Kg7 25. Bh2 Qc7 26. Nc3 Bf4 27. Bg1 Rh8 28. Nd5 Bxd5 29. cxd5 Ng5 30. Qxc5 Qxc5 31. Bxc5 Rxh3 32. Rh1 Rg3+ 33. Kf1 Rxd3 34. Rxd3 Nxe4 35. Be7 Rd7 36. d6 f6 37. Kg2 Kf7 38. Rh7+ Ke6 39. Rg7 g5 40. Rd1 a5 41. a4 b6 42. Rh7 Nxd6 43. Rxd6+ Rxd6 44. Bxd6 Kxd6 45. Kf3 Kd5 46. Rd7+ Kc4 47. Ke4 Kb3 48. Rd6 Kxb2 49. Rxf6 Kb3 50. Rxb6+ Kxa4 51. Kd3 Ka3 52. Rb1 Ka2 53. Rb5 a4 54. Kc2 Ka3 55. Kd3 Ka2 56. Kc3 a3 57. Rb4 e4 58. Kc2 e3 59. Re4 Ka1 60. Re8 Ka2 61. Re7 Ka1 62. Re6 Ka2 63. Re7 Ka1 64. Re8 Ka2 65. Re4 Ka1 66. Rb4 Ka2 67. Re4 1/2-1/2

[Event "4NCL Congress"]
[Site "Harrogate ENG"]
[Date "2022.12.21"]
[Round "6.11"]
[White "Paul, Justin"]
[Black "Preotu, Razvan"]
[Result "1/2-1/2"]
[WhiteElo "2297"]
[BlackElo "2493"]
[WhiteFideId "-1"]
[WhiteFideId "-1"]
[PlyCount "87"]
[GameId "2130307579323948"]
[EventDate "2022.01.21"]
[EventType "swiss"]
[EventRounds "5"]
[EventCountry "ENG"]
[SourceTitle "10 Days #709"]
[Source "ChessMix"]
[SourceDate "2023.01.01"]
[SourceVersion "1"]
[SourceVersionDate "2023.01.01"]
[SourceQuality "1"]

1. e4 c5 2. Nf3 d6 3. d4 cxd4 4. Nxd4 Nf6 5. Nc3 a6 6. Be3 e5 7. Nb3 Be6 8. f3 h5 9. Nd5 Bxd5 10. exd5 Nbd7 11. Qd2 g6 12. O-O-O Nb6 13. Kb1 Nfxd5 14. Bg5 Be7 15. Bxe7 Qxe7 16. c4 Nf6 17. Qxd6 Qxd6 18. Rxd6 Nbd7 19. Na5 Ke7 20. Rd1 Nc5 21. b4 Ne6 22. c5 Rhc8 23. Nc4 Rd8 24. Rc1 Rd4 25. a3 e4 26. Na5 Rd7 27. Bc4 exf3 28. gxf3 Nd4 29. Rcd1 Nxf3 30. Rxd7+ Kxd7 31. Bxf7 Kc7 32. Bxg6 Rg8 33. Bc2 Rg2 34. Bd1 Nd4 35. Rf1 Ne4 36. Rf7+ Kb8 37. Kc1 Rxh2 38. Rxb7+ Kc8 39. Rh7 Nc3 40. Bg4+ Kb8 41. Rh8+ Ka7 42. Rh7+ Kb8 43. Rh8+ Ka7 44. Rh7+ 1/2-1/2

[Event "Titled Tuesday 2022.01.11"]
[Site "chess.com INT"]
[Date "2022.01.11"]
[Round "1"]
[White "Federzoni, Enzo"]
[Black "Preotu, Razvan"]
[Result "0-1"]
[WhiteElo "2138"]
[BlackElo "2473"]
[WhiteFideId "-1"]
[WhiteFideId "-1"]
[PlyCount "52"]
[GameId "2130307579499538"]
[EventDate "2022.01.11"]
[EventType "swiss (blitz)"]
[EventRounds "11"]
[EventCountry "NET"]
[SourceTitle "The Week in Chess 1419"]
[Source "Mark Crowther"]
[SourceDate "2022.01.17"]
[SourceVersion "1"]
[SourceVersionDate "2022.01.17"]
[SourceQuality "2"]

1. e4 c5 2. Nf3 d6 3. d4 cxd4 4. Nxd4 Nf6 5. Nc3 a6 6. Bg5 e6 7. f4 Be7 8. Qf3 Qc7 9. O-O-O Nbd7 10. f5 e5 11. Nde2 b5 12. Bxf6 Nxf6 13. Nd5 Nxd5 14. exd5 O-O 15. Ng3 Bd7 16. Bd3 b4 17. Nh5 f6 18. Kb1 Be8 19. g4 a5 20. h4 a4 21. Be4 Qc4 22. Rh3 Bf7 23. Bd3 Qxd5 24. Be4 Qxa2+ 25. Kc1 a3 26. Qb3 Bxb3 0-1

[Event "Titled Tuesday 2022.01.11"]
[Site "chess.com INT"]
[Date "2022.01.11"]
[Round "2"]
[White "Preotu, Razvan"]
[Black "Yedidia, Daniel"]
[Result "1-0"]
[WhiteElo "2473"]
[BlackElo "1991"]
[WhiteFideId "-1"]
[WhiteFideId "-1"]
[PlyCount "77"]
[GameId "2130307579503749"]
[EventDate "2022.01.11"]
[EventType "swiss (blitz)"]
[EventRounds "11"]
[EventCountry "NET"]
[SourceTitle "The Week in Chess 1419"]
[Source "Mark Crowther"]
[SourceDate "2022.01.17"]
[SourceVersion "1"]
[SourceVersionDate "2022.01.17"]
[SourceQuality "2"]

1. e4 e5 2. Nf3 Nc6 3. Bc4 Nf6 4. d3 Be7 5. O-O O-O 6. Re1 d6 7. a4 Be6 8. a5 Bxc4 9. dxc4 a6 10. Nc3 Qd7 11. Bg5 Ng4 12. c5 Rad8 13. cxd6 cxd6 14. Nd5 h6 15. Bh4 f5 16. h3 Nf6 17. Bxf6 Bxf6 18. c3 fxe4 19. Rxe4 Qf5 20. Qd3 Bg5 21. h4 Bf6 22. b4 Ne7 23. Rd1 Ng6 24. g3 Bxh4 25. Rxh4 Qxf3 26. Qxf3 Rxf3 27. Rc4 Rd7 28. Nb6 Rdf7 29. Rxd6 Rxf2 30. Rxg6 Rf1+ 31. Kg2 R7f2+ 32. Kh3 h5 33. Kh4 Rh1+ 34. Kg5 Rg2 35. Kf5 Rf1+ 36. Ke6 Kh7 37. Rg5 Rf6+ 38. Kxe5 Re2+ 39. Re4 1-0

[Event "Titled Tuesday 2022.01.11"]
[Site "chess.com INT"]
[Date "2022.01.11"]
[Round "3"]
[White "Zlatin, Alexander"]
[Black "Preotu, Razvan"]
[Result "0-1"]
[WhiteElo "2327"]
[BlackElo "2473"]
[WhiteFideId "-1"]
[WhiteFideId "-1"]
[PlyCount "130"]
[GameId "2130307579507940"]
[EventDate "2022.01.11"]
[EventType "swiss (blitz)"]
[EventRounds "11"]
[EventCountry "NET"]
[SourceTitle "The Week in Chess 1419"]
[Source "Mark Crowther"]
[SourceDate "2022.01.17"]
[SourceVersion "1"]
[SourceVersionDate "2022.01.17"]
[SourceQuality "2"]

1. e4 c5 2. Nf3 d6 3. d4 cxd4 4. Nxd4 Nf6 5. Nc3 a6 6. f3 e5 7. Nb3 Be6 8. Be3 h5 9. Qd2 Nbd7 10. O-O-O Rc8 11. Kb1 Be7 12. Nd5 Nxd5 13. exd5 Bf5 14. Bd3 Bxd3 15. Qxd3 Bg5 16. h4 Bxe3 17. Qxe3 O-O 18. g4 hxg4 19. fxg4 Rc4 20. g5 Qb6 21. Qxb6 Nxb6 22. Na5 Rc7 23. b3 f5 24. c4 f4 25. Rde1 f3 26. Rhf1 g6 27. Re3 Rcf7 28. Kc2 Nc8 29. c5 dxc5 30. Nc4 f2 31. Nxe5 Re7 32. Kd2 Kg7 33. Nc4 Rd7 34. Ke2 b5 35. Rxf2 Rxf2+ 36. Kxf2 bxc4 37. bxc4 Nd6 38. Ra3 Nxc4 39. Rxa6 Rxd5 40. Rc6 Kf7 41. a4 Ne5 42. Rf6+ Ke7 43. Ke2 c4 44. Rf1 Ra5 45. Ke3 Rxa4 46. Kd4 Nd7 47. Kc3 Ke6 48. Re1+ Ne5 49. Rd1 Ra3+ 50. Kb2 Rb3+ 51. Kc2 Rh3 52. Rd4 Kf5 53. Rd5 Rxh4 54. Rd6 Rg4 55. Kb1 Rxg5 56. Rd4 Rg2 57. Kc1 g5 58. Kd1 g4 59. Ke1 g3 60. Kf1 Rf2+ 61. Ke1 Nf3+ 62. Kd1 Nxd4 63. Ke1 Nf3+ 64. Kd1 g2 65. Kc1 g1=Q# 0-1

[Event "Titled Tuesday 2022.01.11 Jan"]
[Site "Chess.com INT"]
[Date "2022.01.11"]
[Round "5"]
[White "Migot, Tangi"]
[Black "Preotu, Razvan"]
[Result "0-1"]
[WhiteElo "2353"]
[BlackElo "2473"]
[WhiteFideId "-1"]
[WhiteFideId "-1"]
[PlyCount "78"]
[GameId "1737982259605504"]
[EventDate "2022.01.11"]
[EventType "swiss (blitz)"]
[EventRounds "11"]
[EventCountry "NET"]
[SourceTitle "CBM 206 Extra"]
[Source "ChessBase"]
[SourceDate "2022.03.31"]
[SourceVersion "1"]
[SourceVersionDate "2022.03.31"]
[SourceQuality "1"]

1. e4 c5 2. Nf3 d6 3. Bb5+ Nd7 4. O-O a6 5. Bd3 Ngf6 6. c3 b5 7. Bc2 Bb7 8. Re1 e6 9. d4 Be7 10. a4 bxa4 11. e5 dxe5 12. dxe5 Nd5 13. Rxa4 g5 14. Nfd2 h5 15. Nc4 N7b6 16. Na5 Qc7 17. Nxb7 Qxb7 18. Ra2 g4 19. Be4 Rd8 20. Qe2 c4 21. Be3 Qc8 22. Bd4 Nf4 23. Qf1 Nbd5 24. Nd2 Nb4 25. Ra4 Nbd3 26. Rxc4 Qb8 27. Bxd3 Qxb2 28. Ne4 O-O 29. Rc7 Rfe8 30. Nf6+ Bxf6 31. exf6 e5 32. Rxe5 Rxe5 33. Bxe5 Nxd3 34. Bd4 Nf4 35. g3 Ne2+ 36. Kg2 Nxd4 37. cxd4 Qxd4 38. Qxa6 Qe4+ 39. Kf1 Rd1# 0-1